| 000 | 00530nam a2200169Ia 4500 | ||
|---|---|---|---|
| 008 | 230711s9999||||xx |||||||||||||| ||und|| | ||
| 020 | _a978-93-85240-16-4 | ||
| 041 | _aENG | ||
| 082 |
_a621.3 _bHA-E |
||
| 100 | _aHafiz,Qaisar | ||
| 245 | 0 | _aEngineering zone : IES/GATE/PSUs : Guide for electro magnetic field theory: Theory ,Solved Examples & Workdbook practices questions | |
| 250 | _a2nd Ed. | ||
| 260 |
_c2016 _aNew Delhi _bEngineers Zone Publications |
||
| 300 | _a140p. | ||
| 650 | _aElectrical Engineering | ||
| 942 | _cBK | ||
| 999 |
_c6298 _d6298 |
||